| 000 | 02319nam a2200361 a 4500 | ||
|---|---|---|---|
| 001 | ebr10607419 | ||
| 003 | CaPaEBR | ||
| 006 | m u | ||
| 007 | cr cn||||||||| | ||
| 008 | 120530s2012 vtu sb 001 0 eng d | ||
| 010 | _z 2012018719 | ||
| 020 | _z9781409442271 (hbk. : alk. paper) | ||
| 020 | _z9781409442271 | ||
| 020 | _z9781409442288 (e-book) | ||
| 040 |
_aCaPaEBR _cCaPaEBR |
||
| 035 | _a(OCoLC)815281391 | ||
| 043 | _ae-ru--- | ||
| 050 | 1 | 4 |
_aJN6695.A55 _bC754 2012eb |
| 082 | 0 | 4 |
_a363.34/80947 _223 |
| 245 | 0 | 0 |
_aCrises in Russia _h[electronic resource] : _bcontemporary management policy and practice from a historical perspective / _cedited by Boris Porfiriev and Greg Simons. |
| 260 |
_aBurlington, Vt. : _bAshgate, _c2012. |
||
| 300 | _ax, 298 p. | ||
| 504 | _aIncludes bibliographical references and index. | ||
| 505 | 0 | _aCrisis management and mass media in Russia: following the historical perspectives -- Institutional framework and governance model of the Russia crisis policy: disaster focus -- Managing alleviation of the 1995 Neftegorsk earthquake disaster -- Managing the ecological disaster in the town of Karabash -- Communicating tragedy and values through mass media during crises: the lessons of submarine accidents in Russia -- Social security policy for the Chernobyl clean-up and rescue workers: crisis chronology and lessons -- Institutional issues and the management of the creeping crisis in the Kabardina and Balkaria Republic of Russia -- Political and institutional factors of Russian banking crisis 2004 -- Vulnerability and crisis development: lessons from Russia and other emerging economies -- Conclusion: crisis management policy in transitional societies: beyond the Russia experience. | |
| 533 |
_aElectronic reproduction. _bPalo Alto, Calif. : _cebrary, _d2011. _nAvailable via World Wide Web. _nAccess may be limited to ebrary affiliated libraries. |
||
| 650 | 0 |
_aPublic administration _zRussia (Federation) |
|
| 650 | 0 |
_aCrisis management _zRussia (Federation) |
|
| 655 | 7 |
_aElectronic books. _2local |
|
| 700 | 1 |
_aPorfir�ev, B. N. _q(Boris Nikolaevich) |
|
| 700 | 1 | _aSimons, Greg. | |
| 710 | 2 | _aebrary, Inc. | |
| 856 | 4 | 0 |
_uhttp://site.ebrary.com/lib/rucke/Doc?id=10607419 _zAn electronic book accessible through the World Wide Web; click to view |
| 999 |
_c97753 _d97753 |
||